00365nam a22001217a 4500082002900000100002300029245004100052260004000093300002800133526003700161526003700198650000800235 a954.91bMARcN-01, P-154 aMarshall, sir john aA guide to taxilabSir john marshall aKarachibRoyal book companycc2007. av, 189 p.bill.c22 cm. a0b0c0d954_910000000000000_MAR a0b0c0d954_910000000000000_MAR aMCE